Obálka Náhled e-knihy:
PDF Epub
Pro půjčování e-knih musíte být přihlášeni.
Jak si půjčit online?

Zpěv tichých dní /

Debutový román české autorky. Na pozadí dramatických dějin dvacátého století se odehrávají soukromá dramata hlavních hrdinů knihy.

Uloženo v:
Hlavní autor: Bramborová, Marcela, 1987- (Autor)
Médium: E-kniha
Jazyk:Czech
Vydáno: Praha : Kniha Zlin, 2025
Vydání:Vydání první
Témata:
Tagy:
Žádné tagy
LEADER 02013nam a2200373 i 4500
001 312839
003 CZ PrSKC
005 20260601215729.0
007 ta
008 251006s2025 xr g 000 f cze
015 |a cnb003711526 
020 |a 9788076629400  |q (vázáno) :  |c Kč 449,00 
035 |a (OCoLC)1559932712 
040 |a OLA001  |b cze  |e rda 
072 7 |a 821.162.3-3  |x Česká próza  |2 Konspekt 
080 |a 821.162.3-31  |2 MRF 
080 |a (0:82-31)  |2 MRF 
100 1 |a Bramborová, Marcela,  |d 1987-  |7 av2013753837  |4 aut 
245 1 0 |a Zpěv tichých dní /  |c Marcela Bramborová 
250 |a Vydání první 
264 1 |a Praha :  |b Kniha Zlin,  |c 2025 
300 |a 377 stran ;  |c 21 cm 
336 |a text  |b txt  |2 rdacontent 
337 |a bez média  |b n  |2 rdamedia 
338 |a svazek  |b nc  |2 rdacarrier 
520 2 |a Debutový román české autorky. Na pozadí dramatických dějin dvacátého století se odehrávají soukromá dramata hlavních hrdinů knihy.  |b Jak najít hlas v okamžicích, kdy ticho pálí nejvíc? Zpěv tichých dní je román o ženě, jejíž sny a touhy se tříští ve vlnách velkých dějin, ale její vnitřní hlas dál nese paměť, bolest i naději. Citlivě napsaná rodinná kronika o mateřství, ztrátách a odolnosti v době, kdy ticho bývá těžší než slova a kdy i v nejtemnějších časech existují tichá hrdinství. Nakladatelská anotace. 
655 7 |a české romány  |7 fd133974  |2 czenas 
655 9 |a Czech fiction  |2 eczenas 
900 |a ABA001  |b 19 
928 9 |a Albatros Media - Kniha Zlin 
044 |a xr 
910 |a RBIT002 
998 |d 422928  |a https://core.palmknihy.cz/api/books/422928/cover?t3w90j  |b https://core.palmknihy.cz/api/books/422928/cover/400?t3w90j  |c https://core.palmknihy.cz/api/books/422928/cover/50?t3w90j  |e 2031-12-31  |g 392  |i 9788076629400  |j https://core.palmknihy.cz/api/books/422928/preview.epub  |k https://core.palmknihy.cz/api/books/422928/preview.pdf  |l   |q 49  |r 1  |s https://www.palmknihy.cz/kniha/422928  |t ebook  |y 2025  |z 0 
999 |d 312837